Chemistry for changing times
Chemistry for Changing Times has defined the liberal arts chemistry course and remains the most visually appealing and readable introduction to the subject. The Fourteenth Edition increases its focus on environmental and other relatable issues with revised green chemistry essays throughout and new C...
Saved in:
| Main Authors: | , |
|---|---|
| Format: | Book |
| Language: | English |
| Published: |
Harlow
Pearson Education
2016.
|
| Edition: | Fourteenth edition., Global edition |
| Series: | Always Learning.
|
| Subjects: | |
| Tags: |
Add Tag
No Tags, Be the first to tag this record!
|
| Call Number : | QD 33.2 .H54 2016 |
MARC
| LEADER | 00000nam a2200000 i 4500 | ||
|---|---|---|---|
| 001 | 54771 | ||
| 003 | MY-KLNDU | ||
| 005 | 20241219014829.0 | ||
| 008 | 221104s2016 xxka bi 001 0 eng d | ||
| 020 | |a 9781292104591 | ||
| 020 | |a 1292104597 | ||
| 039 | 9 | |a 202211041239 |b VLOAD |c 202008141026 |d shahrim |c 202008141023 |d shahrim |y 201904081620 |z helmey | |
| 040 | |a UPNM |b eng |c UPNM |e rda | ||
| 090 | |a QD 33.2 |b .H54 2016 | ||
| 100 | |a Hill, John W. |q (John William), |d 1933- |e author | ||
| 245 | 1 | 0 | |a Chemistry for changing times |c John W. Hill, Terry W. McCreary |
| 250 | |a Fourteenth edition., Global edition | ||
| 264 | 1 | |a Harlow |b Pearson Education |c 2016. | |
| 264 | 4 | |c ©2016 | |
| 300 | |a 814, [2] pages |b billustrations (chiefly color) |c 28 cm. | ||
| 336 | |a text |2 rdacontent | ||
| 337 | |a unmediated |2 rdamedia | ||
| 338 | |a volume |2 rdacarrier | ||
| 490 | 1 | |a Always Learning. | |
| 504 | |a Includes bibliographical references and index. | ||
| 505 | 0 | |a 1. Chemistry -- 2. Atoms -- 3. Atomic Structure -- 4. Chemical Bonds -- 5. Chemical Accounting -- 6. Gases, Liquids, Solids . . . and Intermolecular Forces -- 7. Acids and Bases -- 8. Oxidation and Reduction -- 9. Organic Chemistry -- 10. Polymers -- 11. Nuclear Chemistry -- 12. Chemistry of Earth -- 13. Air | |
| 520 | |a Chemistry for Changing Times has defined the liberal arts chemistry course and remains the most visually appealing and readable introduction to the subject. The Fourteenth Edition increases its focus on environmental and other relatable issues with revised green chemistry essays throughout and new Chemistry at Home experiments, both in the text and in MasteringChemistry. Abundant applications and examples fill each chapter and enable students of varied majors to relate to the content more readily. Updated material throughout reflects the latest scientific developments in the field demonstrating the relevance of chemistry to all students. | ||
| 592 | |a 00103/HL/2019(752) |b 22/11/2019 |c RM199.50 |h Han Lin Books | ||
| 650 | 0 | |a Chemistry |v Textbooks. | |
| 700 | 1 | |a McCreary, Terry W. |e author | |
| 830 | 0 | |a Always Learning. | |
| 999 | |a vtls000063458 |c 54771 |d 54771 | ||


